25 Most Famous Cities in Georgia on a Map - Statistics

General Stats
  • This quiz has been taken 113 times
  • The average score is 6 of 25
Answers on the Map
Answers color-coded by a green-red scale on the quiz's map according to % correct below.
 
Answer Stats
Wiki Monthly Views Cityquiz Mention Rate Population Answers % Correct
169.59K 44.47% 1154.31K Tbilisi
98%
67.83K 9.24% 169.09K Batumi
81%
35.18K 3.44% 135.20K Kutaisi
55%
27.21K 2.97% 45.56K Gori
52%
38.98K 4.46% 65.53K Sukhumi
47%
11.53K 1.92% 41.50K Poti
38%
21.02K 2.03% 32.70K Tskhinvali
33%
8.74K 1.14% 128.68K Rustavi
26%
6.93K 0.61% 19.60K Telavi
21%
16.30K 0.49% 11.96K Gagra
19%
7.01K 0.71% 41.49K Zugdidi
19%
8.97K 0.71% 11.09K Borjomi
17%
16.28K 0.37% 7.58K Mtskheta
16%
6.02K 0.23% 1.97K Mestia
14%
8.89K 0.03% 4.09K Pitsunda
12%
8.37K 0.12% 1.33K Stepantsminda
12%
5.31K 0.15% 5.10K Tkvarcheli
12%
5.80K 0.18% 7.85K Akhalkalaki
10%
9.15K 0.22% 16.94K Akhaltsikhe
10%
8.56K 0.02% 1.54K New Athos
10%
6.24K 0.11% 1.49K Signagi
10%
6.06K - 0.23K Ushguli
9%
5.87K 0.23% 17.23K Kobuleti
7%
5.44K 0.10% 1.88K Bakuriani
5%
5.56K - 2.66K Dmanisi
5%
No matching quizzes found
Score Distribution
Percent of People with Each Score
Percentile by Number Answered
Your Score History
You have not taken this quiz